000 00781nam a2200205 a 4500
008 120416s1981 ||||||||||||||||| || u
020 _a0566021943
050 _aHF 5549.5.T7 Man
100 _aBoydell, Thomas Hamer
245 1 0 _aManagement self-development: concepts and practices
_cedited by Tom Boydell and Mike Pedler
260 _aFarnborough, Hants:
_bGower
_c1981
300 _axv, 254p.: ill.
350 _a0.00
500 _aIncludes bibliographies.
650 _aEXECUTIVES--TRAINING OF
650 _aMIDDLE MANAGERS--TRAINING OF
650 _aMANAGEMENT--STUDY AND TEACHING
700 _aPedler, Mike
995 _D0.00
_FCBU-MAIN LIBRARY (Kitwe)
_H1
_I18.95
_UAVAILABLE
_ZAnnex Low-Usage Collection
999 _c50027
_d50027